Proofs of the contagion of malignant cholera / (Record no. 99026)

MARC details
000 -LEADER
campo de control de longitud fija 00534nam a2200181 i 4500
001 - NÚMERO DE CONTROL
campo de control 99026
003 - IDENTIFICADOR DE NÚMERO DE CONTROL
campo de control ES-MaACL
005 - FECHA Y HORA DE LA ÚLTIMA TRANSACCIÓN
campo de control 20250901032926.0
007 - CAMPO FIJO DE DESCRIPCIÓN FÍSICA--INFORMACIÓN GENERAL
campo de control de longitud fija t|
008 - DATOS DE LONGITUD FIJA--INFORMACIÓN GENERAL
campo de control de longitud fija 051108s1832 xxk ||||1| eng d
100 1# - ENTRADA PRINCIPAL--NOMBRE DE PERSONA
Nombre de persona Moir, David Macbeth.
9 (RLIN) 81810
245 10 - MENCIÓN DEL TÍTULO
Título Proofs of the contagion of malignant cholera /
Mención de responsabilidad, etc. by D.M. Moir.
260 ## - PUBLICACIÓN, DISTRIBUCIÓN, ETC.
Lugar de publicación, distribución, etc. Edinburgh :
Nombre del editor, distribuidor, etc. William Blackwood ;
Lugar de publicación, distribución, etc. London :
Nombre del editor, distribuidor, etc. T. Cadell,
Fecha de publicación, distribución, etc. 1832.
300 ## - DESCRIPCIÓN FÍSICA
Extensión 88 p. ;
Dimensiones 22 cm.
650 #7 - PUNTO DE ACCESO ADICIONAL DE MATERIA--TÉRMINO DE MATERIA
Término de materia o nombre geográfico como elemento de entrada Cólera
Fuente del encabezamiento o término embne
9 (RLIN) 11143
852 ## - LOCALIZACIÓN
Ubicación ES-MaACL
Número de control de estantería T-489-F-3
Holdings
Estatus retirado Estado de pérdida Estado de daño No para préstamo Colección Biblioteca de origen Biblioteca actual Ubicación en estantería Fecha de adquisición Fuente de adquisición Total de préstamos Signatura topográfica completa Código de barras Visto por última vez Precio de reemplazo Tipo de ítem Koha
        Colección de folletos Biblioteca del Ateneo de Madrid Biblioteca del Ateneo de Madrid Depósito folletos 17/01/2008     T-489-F-3 1103387 23/02/2023 23/02/2023 Folleto